000 01657nam a2200253 a 4500
001 000036857
003 DO-SdBNP
005 20180216104823.0
007 000036857
008 120202s2011 dr ac 000 0 spa d
020 _a9789945164626
040 _aBPMSU
_bspa
_cBPMSU
092 _axxxx
_bV335f
100 1 _aVásquez Rondón, Ruddy A.,
_d1933-
245 1 0 _aFamilia Rondón raíces y recuerdos. /
_cRuddy A. Vásquez Rondón; prólogo Ponciano Rondón Sánchez.
260 _aSanto Domingo :
_bEditora Búho,
_c2011.
300 _a153 p. :
_bil., retr. ;
_c24 cm.
500 _aIncluye datos biográficos del autor en la solapa de la cubierta
505 _tHistoria y heráldica del apellido Rondón en España --
_tPrimera familia Rondón Leonardo --
_tFamilia Vilorio --
_tEl primogenito --
_tDon Eliseo Rondón Vilorio (Eliso) --
_tDon Vinicio Rondón Vilorio (Venero) --
_tDoña Marcelina Rondón Vilorio --
_tDon Porfirio Víctor Rondón --
_tDoña Antelia Rondón Vilorio --
_tFamilia Vásquez Rondón --
_tProfesor Pilar Rondón Vilorio --
_tDoña Vitalia Rondón Vilorio --
_tDoña Luz María Rodón Vilorio --
_tDon Demetrio Rondón Vilorio --
_t2da. Familia Rondón Leonardo (Machín)
_tProcedentes --
_tLa época
_tMunicipio de Hato Mayor del Rey --
_tGeografía --
_tHato Mayor en la Independencia Nacional --
_tHato MAyor y la República --
_tPresidencia y muerte de Pedro Guillermo, el Caudillo de Hato Mayor --
_tPróceres de Hato Mayor --
_tHato Mayor y la cultura --
_tÍdice por nombre.
700 1 _aRondón Sánchez, Ponciano
942 _2ddc
_cBK
945 _aInventariado / 2018 VM
956 _aVMATEO
_b10
_c20150731
_lBPMSU
_h00151
999 _c8032
_d8032